European Football Club's Best XI of the Decade - Statistics

General Stats
  • This quiz has been taken 195 times
    179 since last reset
  • The average score is 124 of 187
Answer Stats
Position Barcelona % Correct
RW Lionel Messi
99%
ST Luis Suarez
99%
LW Neymar Jr.
99%
CM Andres Iniesta
98%
LW | RW | ST Cristiano Ronaldo
98%
CM Xavi
98%
GK Iker Casillas
97%
ST Karim Benzema
97%
GK Marc Andre Ter Stegen
96%
CB Sergio Ramos
96%
CM Luka Modric
95%
CDM Sergio Busquets
94%
RB Dani Alves
93%
RW Gareth Bale
93%
CM Toni Kroos
93%
CB Carles Puyol
91%
LB Marcelo
91%
CB Gerard Pique
90%
LB Jordi Alba
90%
GK Manuel Neuer
90%
GK Alisson
88%
ST Antoine Griezmann
88%
RB Dani Carvajal
88%
GK Ederson
88%
ST Erling Haaland
88%
GK Gianluigi Donnarumma
88%
RW Mohamed Salah
88%
CB Pepe
88%
RB Philip Lahm
88%
ST Robert Lewandowski
88%
ST Sergio Aguero
86%
CAM David Silva
85%
CM Kevin De Bruyne
85%
CB Thiago Silva
85%
CAM Thomas Muller
85%
CM Bernardo Silva
84%
GK Gianluigi Buffon
84%
GK Jan Oblak
84%
LW Sadio Mane
84%
CB Virgil Van Dijk
84%
LB Andy Robertson
83%
ST Harry Kane
83%
CM Patrick Vieira
83%
GK Petr Cech
83%
RB Trent Alexander Arnold
83%
ST Zlatan Ibrahimovic
83%
RB Kyle Walker
82%
CDM Rodri
82%
RW Arjen Robben
81%
RW Kylian Mbappe
81%
CB Ruben Dias
81%
ST Wayne Rooney
81%
CDM | CM Andrea Pirlo
80%
LW Franck Ribery
80%
GK David De Gea
79%
CB Marquinhos
79%
RB Achraf Hakimi
78%
CB Giorgio Chiellini
78%
LW Heung Min Son
78%
GK Hugo Lloris
78%
CB Mats Hummels
78%
CAM Paulo Dybala
78%
CM Steven Gerrard
78%
ST Thierry Henry
78%
CDM | CM Xabi Alonso
78%
CM Frank Lampard
77%
CB Jerome Boateng
77%
LM Marco Reus
77%
CAM Franceso Totti
76%
CB Paolo Maldini
76%
LB Ashley Cole
74%
CM Bastian Schweinsteiger
74%
LW Eden Hazard
74%
CM Koke
74%
CB John Terry
73%
CM Joshua Kimmich
73%
CM Marco Verratti
73%
CB Rio Ferdinand
73%
CB Vincent Kompany
73%
ST Didier Drogba
72%
CM Paul Pogba
71%
CM Paul Scholes
71%
LB Alphonso Davies
70%
CB Diego Godin
69%
LW Kaka
68%
LB Nuno Mendes
67%
CM Vitinha
67%
CM Mesut Ozil
66%
CM Mousa Dembele
66%
LB Patrice Evra
66%
CB Alessandro Nesta
65%
ST Lautaro Martinez
65%
CB Nemanja Vidic
65%
CB Jan Vertonghen
64%
CB Sol Campbell
64%
RW Bukayo Saka
63%
CB David Alaba
63%
LW Ryan Giggs
63%
ST Alessandro Del Piero
62%
RB Javier Zanetti
62%
ST Pierre Emerick Aubameyang
61%
CM Bruno Fernandes
60%
CB Fabio Cannavaro
60%
CB Toby Alderweireld
60%
CB Jose Maria Gimenez
59%
RB Cafu
58%
CDM Gennaro Gattuso
58%
CM Ilkay Gundogan
58%
GK Jens Lehmann
57%
LB Filipe Luis
56%
ST Samuel Etoo
56%
CM Wesley Sneijder
56%
RW Dries Mertens
55%
CM Ngolo Kante
55%
RW Ronaldinho
55%
GK Samir Handanovic
55%
CB Alessandro Bastoni
53%
ST Andriy Shevchenko
53%
RB Juanfran
53%
CM Marek Hamsik
53%
CM Michael Carrick
53%
GK Mike Maignan
53%
ST Victor Osimhen
53%
RB Branislav Ivanovic
52%
CM Clarence Seedorf
52%
CDM Daniele De Rossi
52%
RW Luis Figo
52%
LB Alex Sandro
51%
CB William Saliba
51%
CM Fabinho
50%
LB Federico Di Marco
50%
CB Kalidou Koulibaly
50%
LW Alexis Sanchez
49%
CM Claude Makelele
49%
LW Lorenzo Insigne
49%
CM Nicolo Barella
49%
ST Edin Dzeko
48%
LB Theo Hernandez
48%
CM Gabi
47%
LM Yannick Carrasco
47%
LB Danny Rose
46%
CM Declan Rice
46%
CB Lucio
46%
GK Robert Weidenfeller
44%
RB Antonio Valencia
43%
CM Christian Eriksen
43%
CM Claudio Marchisio
43%
ST Mauro Icardi
43%
CB Ricardo Carvalho
43%
GK Alex Meret
39%
CM Blaise Matuidi
39%
LB Marcel Schmelzer
39%
LB Nathan Ake
39%
ST Radamel Falcao
39%
RB Giovanni Di Lorenzo
37%
RB Lukasz Piszczek
36%
CDM Esteban Cambiasso
35%
RW Cole Palmer
34%
CB Walter Samuel
34%
RB Stephan Lichtsteiner
33%
CB Sami Hyypia
29%
CM Jorginho
28%
RB Bacary Sagna
23%
CM Frank Zambo Anguissa
23%
RM Jakub Błaszczykowski
23%
CM Radja Nainggolan
22%
CB Niko Schlotterbeck
21%
CB Raul Albiol
20%
CM Nuri Sahin
17%
LB Faouzi Ghoulam
13%
LW Gervinho
12%
LB Vincent Candela
5%
CB Aldair
3%
RM Simao Sabrosa
0%
No matching quizzes found
Score Distribution
Percent of People with Each Score
Percentile by Number Answered
Your Score History
You have not taken this quiz since the last reset